U.S. Cities with the most snowfall - Statistics

General Stats
  • This quiz has been taken 242 times
  • The average score is 13 of 20
Answer Stats
Hint Population Answer % Correct
NY 258,959 Buffalo
93%
CO 649,945 Denver
92%
OH 390,113 Cleveland
85%
MN 400,070 Minneapolis/St. Paul
84%
UT 190,884 Salt Lake City
80%
AK 300,950 Anchorage
79%
NY 210,358 Rochester
74%
MN 110,742 Rochester
74%
NY 114,469 Syracuse
72%
WI 243,344 Madison
70%
ND 113,658 Fargo
66%
WI 104,779 Green Bay
62%
PA 100,671 Erie
60%
MT 110,263 Billings
57%
UT 116,288 Provo
57%
MI 192,294 Grand Rapids
56%
CO 103,166 Boulder
55%
MA 182,544 Worcester
38%
CO 143,986 Fort Collins
37%
IN 100,886 South Bend
36%
No matching quizzes found
Score Distribution
Percent of People with Each Score
Percentile by Number Answered
Your Score History
You have not taken this quiz